Ako hlboko "padla" slovenská ekonomika

Vývoj slovenskej ekonomiky v r. 1989-1993. Vplyv na vývoj obyvateľstva. Pokles zamestnanosti, životnej úrovne, spotreby základných potravín. Vývoj cenových indexov. Recesia vo výrobe. Dovoz a vývoz. Pokles daňových príjmov štátneho rozpočtu.

Salvato in:
Dettagli Bibliografici
Autore principale: Krč, R.
Natura: Capitolo di libro
Lingua:slovacco
Soggetti:
Tags: Aggiungi Tag
Nessun Tag, puoi essere il primo ad aggiungerne!!

MARC

LEADER 00000naa a2200000 4500
001 r018283
005 20221205101736.2
041 0 |a slo 
044 |a SK 
245 1 0 |a Ako hlboko "padla" slovenská ekonomika  |c R. Krč 
520 |a Vývoj slovenskej ekonomiky v r. 1989-1993. Vplyv na vývoj obyvateľstva. Pokles zamestnanosti, životnej úrovne, spotreby základných potravín. Vývoj cenových indexov. Recesia vo výrobe. Dovoz a vývoz. Pokles daňových príjmov štátneho rozpočtu. 
610 2 0 |a Slovensko 
610 2 0 |a 1989-1994 
610 2 0 |a recesia 
610 2 0 |a reformy hospodárske 
610 2 0 |a obyvateľstvo 
610 2 0 |a zamestnanosť 
610 2 0 |a úroveň životná 
610 2 0 |a spotreba potravín 
610 2 0 |a výroba 
610 2 0 |a vývoz 
610 2 0 |a dovoz 
610 2 0 |a príjmy rozpočtu štátneho 
100 1 |a Krč, R.